Rozdiel medzi reklamou a dobrou reklamou je v ich efektívnosti
Každá reklamná agentúra by sa mala snažiť robiť efektívnu reklamu. Národná súťaž efektivity marketingovej komunikácie EFFIE Slovakia. EFFIE je v súčasnosti najprestížnejšou súťažou reklamy na svete a pre odvetvie reklamy je najreálnejším ocenením. Prechod od národných konceptov k medzinárodnému poro...
Gespeichert in:
| 1. Verfasser: | |
|---|---|
| Format: | Buchkapitel |
| Sprache: | Slowakisch |
| Schlagworte: | |
| Tags: |
Keine Tags, Fügen Sie das erste Tag hinzu!
|
MARC
| LEADER | 00000naa a2200000 4500 | ||
|---|---|---|---|
| 001 | r040609 | ||
| 005 | 20230921111120.5 | ||
| 041 | 0 | |a slo | |
| 044 | |a SK | ||
| 245 | 1 | 0 | |a Rozdiel medzi reklamou a dobrou reklamou je v ich efektívnosti |c Barbora Žiačiková |
| 520 | |a Každá reklamná agentúra by sa mala snažiť robiť efektívnu reklamu. Národná súťaž efektivity marketingovej komunikácie EFFIE Slovakia. EFFIE je v súčasnosti najprestížnejšou súťažou reklamy na svete a pre odvetvie reklamy je najreálnejším ocenením. Prechod od národných konceptov k medzinárodnému porovnávaniu. Výsledky partnerskej spolupráce. EFFIE je prístupná pre všetky značky a agentúry. | ||
| 610 | 2 | 0 | |a reklama |
| 610 | 2 | 0 | |a súťaže |
| 610 | 2 | 0 | |a efektívnosť |
| 610 | 2 | 0 | |a kreativita |
| 610 | 2 | 0 | |a komunikácia marketingová |
| 610 | 2 | 0 | |a značky výrobné |
| 610 | 2 | 0 | |a agentúry |
| 610 | 2 | 0 | |a Slovensko |
| 610 | 2 | 0 | |a EFFIE Slovakia |
| 100 | 1 | |a Žiačiková, Barbora | |